000 00611nam a2200229Ia 4500
008 160319s9999 xx 000 0 und d
020 _a9710863932
050 _a920
050 _bZ21j 2006
100 _aZaide, Gregorio F.
245 _aJose Rizal :
245 _blife, works and writings /
245 _c by Gregorio F.Zaide
250 _aRev. Millenium ed
260 _bNational Bookstore
260 _c2006
300 _axxxii, 318 p. ;
300 _c22 cm.
500 _aJose Rizal collection.
650 _a Heroes -- Philippines -- Biography
650 _a Rizal, Jose A., -- 1861-1896
999 _c292238
_d292238